Tính toán các công trình xử lý và phân phối nước cấp

Nhằm cung cấp thông tin cho các kỹ sư thiết kế và quản lý hệ thống cung cấp nước. Nội dung sách tập trung vào các vấn đề lựa chọn, xây dựng đường ống nhằm cung cấp nước sạch v.v.. bằng các phương pháp tiến bộ của khoa học kỹ thuật...

وصف كامل

محفوظ في:
التفاصيل البيبلوغرافية
المؤلف الرئيسي: Trịnh, Xuân Lai
التنسيق: كتاب
اللغة:Undetermined
منشور في: Hà Nội Xây dựng 2008
الموضوعات:
الوسوم: إضافة وسم
لا توجد وسوم, كن أول من يضع وسما على هذه التسجيلة!
Thư viện lưu trữ: Trung tâm Học liệu Trường Đại học Cần Thơ
LEADER 01061nam a2200217Ia 4500
001 CTU_168997
008 210402s9999 xx 000 0 und d
020 |c 80000 
082 |a 628.13 
082 |b L103 
100 |a Trịnh, Xuân Lai 
245 0 |a Tính toán các công trình xử lý và phân phối nước cấp 
245 0 |c Trịnh Xuân Lai 
260 |a Hà Nội 
260 |b Xây dựng 
260 |c 2008 
520 |a Nhằm cung cấp thông tin cho các kỹ sư thiết kế và quản lý hệ thống cung cấp nước. Nội dung sách tập trung vào các vấn đề lựa chọn, xây dựng đường ống nhằm cung cấp nước sạch v.v.. bằng các phương pháp tiến bộ của khoa học kỹ thuật 
650 |a Kỹ thuật cung cấp nước,Water-supply engineering,Nước,Water 
650 |x Lưu trữ,Storage 
904 |i Trọng Hiếu 
980 |a Trung tâm Học liệu Trường Đại học Cần Thơ